ultimate fnaf animatronics quiz - Statistics

General Stats
  • This quiz has been taken 27 times
  • The average score is 78 of 291
Answer Stats
% Correct
bonnie
100%
chica
100%
foxy
100%
freddy
100%
golden freddy
100%
springtrap
100%
balloon boy
93%
puppet
93%
mangle
87%
nightmare
87%
nightmare bonnie
87%
nightmare chica
87%
nightmare foxy
87%
nightmare freddy
87%
phantom chica
87%
phantom foxy
87%
phantom freddy
87%
phantom puppet
87%
toy bonnie
87%
toy chica
87%
toy freddy
87%
withered bonnie
87%
withered chica
87%
withered foxy
87%
withered freddy
87%
ballora
80%
bon bon
80%
bonnet
80%
circus baby
80%
jack-o-chica
80%
nightmare fredbear
80%
phantom bb
80%
plushtrap
80%
rockstar bonnie
80%
rockstar chica
80%
rockstar foxy
80%
rockstar freddy
80%
shadow bonnie
80%
shadow freddy
80%
withered golden freddy
80%
ennard
73%
funtime foxy
73%
funtime freddy
73%
happy frog
73%
jack-o-bonnie
73%
jj
73%
minireena
73%
mr. hippo
73%
nightmare mangle
73%
phantom mangle
73%
scrap baby
73%
bidybab
67%
endo-01
67%
glamrock chica
67%
glamrock freddy
67%
lefty
67%
lolbit
67%
map bot
67%
molten freddy
67%
montgomery gator
67%
moon
67%
nightmarionne
67%
orville elephant
67%
pigpatch
67%
roxanne wolf
67%
scraptrap
67%
sun
67%
dj music man
60%
endo-02
60%
glamrock bonnie
60%
nedd bear
60%
nightmare bb
60%
yenndo
60%
electrobab
53%
funtime chica
53%
music man
53%
eclipse
47%
helpy
47%
mini music man
47%
mr. can-do
47%
mr. hugs
47%
pan stan
47%
security
47%
shattered glamrock chica
47%
shattered glamrock freddy
47%
shattered montgomery gator
47%
bucket bob
40%
burntrap
40%
candy cadet
40%
dee dee
40%
el chip
40%
no. 1 crate
40%
paper pals
40%
prize king
40%
shattered roxanne wolf
40%
the blob
40%
the mimic
40%
fruitpunch clown
33%
lemonade clown
33%
magician
33%
security bot
33%
security puppet
33%
wet floor bot
33%
egg baby
27%
glitchtrap
27%
helpi
27%
mop bot
27%
ruined glamrock chica
27%
ruined glamrock freddy
27%
ruined montgomery gator
27%
ruined roxanne wolf
27%
glamrock mr. hippo
20%
gumball swivelhands
20%
little joe
20%
mask bot
20%
nightmarionne bot
20%
prototype
20%
captain foxy
13%
dreadbear
13%
driver assist bot
13%
ella
13%
felix
13%
fetch
13%
glamrock endoskeleton
13%
grimm foxy
13%
human heads
13%
instructor bot
13%
neon
13%
party freddy
13%
ruined mini music man
13%
the entity
13%
alien bot
7%
amalgamation
7%
attendant bot
7%
big bad foxy
7%
black heart bonnie
7%
boulder toy bonnie
7%
brow boy
7%
chocolate bonnie
7%
comedy bot
7%
easter bonnie
7%
eleanor
7%
fazgoo
7%
fortune teller
7%
happs
7%
head chef bot
7%
lonely freddy
7%
magician bot
7%
melted chocolate bonnie
7%
mystic hippo
7%
nanny bot
7%
neon bonnie
7%
neon chica
7%
party bot
7%
pizza bot
7%
plushbaby
7%
plushtrap chaser
7%
radioactive foxy
7%
ringmaster foxy
7%
ruined dj music man
7%
server bot
7%
stanley
7%
sunken toy bonnie
7%
system error toy bonnie
7%
tangle
7%
the blackbird
7%
theodore
7%
tiger rock
7%
twisted bonnie
7%
twisted chica
7%
twisted foxy
7%
twisted freddy
7%
twisted wolf
7%
worker bot
7%
yarg foxy
7%
aeronaut toy freddy
0%
animdude
0%
artic ballora
0%
auto chipper
0%
b7
0%
ball boy
0%
baron von bear
0%
beartrap
0%
birthday gummy
0%
black ice frostbear
0%
blacklight foxy
0%
blacklight freddy
0%
blacktrap
0%
bouncepot
0%
bouncer
0%
boxbyte
0%
broiler baby
0%
bubba
0%
burnt foxy
0%
carnie
0%
catrina toy chica
0%
chica's magic rainbow
0%
chillax
0%
chipper's revenge
0%
chop 'n roll
0%
clockwork ballora
0%
clockwork minireena
0%
clown springtrap
0%
coils
0%
colossal
0%
crabapple
0%
curse
0%
dark foxy
0%
dark water bare endo
0%
delilah
0%
dogfight
0%
endoplush
0%
eyesore
0%
fazbear friendly face
0%
firework freddy
0%
flamethrower bare endo
0%
flaming springtrap
0%
flan
0%
frank
0%
freddy frostbear
0%
frostbite balloon boy
0%
frost plushtrap
0%
game over toy chica
0%
gearrat
0%
gemini
0%
gold endo
0%
goldmine
0%
graveweed
0%
great escape golden freddy
0%
gretchen
0%
hank
0%
heartsick baby
0%
highscore toy chica
0%
jack-o-moon
0%
jangle
0%
jelly people
0%
jetpack balloon boy
0%
lally
0%
lexie
0%
liberty chica
0%
little red chica
0%
livewire toy freddy
0%
lucky boy
0%
mac
0%
mad endo
0%
magician mangle
0%
marco
0%
mechrab
0%
mendo
0%
meringue
0%
metalman
0%
minibot 5000
0%
nexie
0%
olive
0%
p.goon
0%
piranha plushtrap
0%
pizzaplex ballora
0%
polo
0%
porkpatch
0%
purplegeist
0%
quarry
0%
ralpho
0%
redbear
0%
rose
0%
rosie porkchop
0%
rot
0%
ruined moon
0%
ruined sun
0%
scorching chica
0%
sea bonnie
0%
seagoon
0%
seaweed
0%
serpent mangle
0%
sewer bot
0%
shadow dee dee
0%
shamrock freddy
0%
sideshow
0%
sly
0%
suicide animatronic
0%
swamp balloon boy
0%
tag-along freddy
0%
the stitchwraith
0%
tombstack
0%
totemole
0%
toxic springtrap
0%
vr springtrap
0%
vr toy freddy
0%
white rabbit
0%
wooden puppet
0%
woodland toy freddy
0%
zeus
0%
No matching quizzes found
Score Distribution
Percent of People with Each Score
Percentile by Number Answered
Your Score History
You have not taken this quiz